000 00501nam a2200193 a 4500
001 1771666395113
003 YourLibrary
005 20260221150457.0
008 260221s2006##################000#0#eng##
020 _a9780415391900
082 0 4 _a338.6048
_bMAR
100 1 _aMartin, Ron L.,
_eauthor.
245 1 0 _aRegional Competitiveness :
260 _bRoutledge,
_c2006.
300 _a178 pages
650 0 _aBusiness & Economics.
942 _cENGLISH
040 _aYourLibrary
_beng
_cYourLibrary
999 _c615378
_d615378